SIFAT SOLAT NABI Mengikut Mazhab As-Syafie

Bibliographic Details
Main Author: Muhammad bin Abdulkah
Format: Book
Published: Shah Alam : Majlis Agama Islam Selangor (MAIS) 2011
Series:Siri Panduan Ibadah Lengkap Umat Islam
Subjects:

MARC

LEADER 00000cam a2200000 7i4500
001 0000278409
005 20210708100332.0
006 a# ###### ###
007 t
008 210708 my # ###
020 |a 9789834422332 
040 |a MBPJ   |b eng   |c MBPJ   |e rda 
090 |a 297.382   |b MUH 
100 1 |a Muhammad bin Abdulkah 
245 1 0 |a SIFAT SOLAT NABI Mengikut Mazhab As-Syafie   |c MUHAMAD BIN ABDULLAH 
264 1 |a Shah Alam :   |b Majlis Agama Islam Selangor (MAIS)   |c 2011 
264 4 |c ©2010 
300 |a 115 pages ;   |c 20 cm. 
336 |a text  |2 rdacontent 
337 |a unmediated  |2 rdamedia 
338 |a volume  |2 rdacarrier 
490 0 |a Siri Panduan Ibadah Lengkap Umat Islam 
650 0 |a Islam   |x Custom and practices 
650 0 |a Islam   |x Prayer and devotion 
999 |a 00384625   |b BUKU   |c PINJAMAN   |e PERPUSTAKAAN KOMUNITI CAW BANDAR UTAMA